Statistiken für Alle Minderheiten Botswanas

Klicken Sie hier um das Quiz zu spielen!

Allgemein

  • Dieses Quiz wurde 28 mal gespielt
  • Das Durchschnittsergebnis liegt bei 16 aus 19

Antwortstatistiken

BevölkerungLand% Korrekt
1,133Demokratische Republik Kongo
100%
4,429Sambia
100%
5,751Südafrika
100%
782Angola
94%
611Eswatini
94%
607Mosambik
94%
992Namibia
94%
64,477Simbabwe
94%
1,215Kenia
89%
1,484Malawi
89%
818Tansania
89%
923USA
89%
4,792China
83%
1,320Vereinigtes Königreich
83%
1,238Nigeria
78%
5,668Indien
72%
640Niederlande
39%
992Sri Lanka
39%
629Irland
28%

Verteilung der Resultate

Perzentil nach korrekt beantworteten Fragen

Anzahl Personen mit jedem Resultat

Ihre Resultats-Entwicklung

Sie haben dieses Quiz noch nicht gespielt